Central Library OPAC University of Rajshahi
Normal view MARC view

Entry Personal Name

Number of records used in: 1

001 - CONTROL NUMBER

  • control field: 6583

003 - CONTROL NUMBER IDENTIFIER

  • control field: BD-RjUL

005 - DATE AND TIME OF LATEST TRANSACTION

  • control field: 20230115142637.0

008 - FIXED-LENGTH DATA ELEMENTS

  • fixed length control field: 230115|| aca||aabn | a|a d

040 ## - CATALOGING SOURCE

  • Original cataloging agency: BD-RjUL
  • Transcribing agency: BD-RjUL

100 ## - HEADING--PERSONAL NAME

  • Personal name: Ahwānī, Aḥmad Fuʼād ‏أهواني، أحمد فؤاد‏
  • Dates associated with a name: -1970

670 ## - SOURCE DATA FOUND

  • Source citation: Work cat.: (BD-RjUL)81082: Ahwānī, Aḥmad Fuʼād ‏أهواني، أحمد فؤاد‏ -1970, author., Aflāṭūn /‏أفلاطون /‏